[Event "65+ World Senior Team Championship"]
[Site "chess24.com"]
[Date "2017.04.25"]
[Round "2"]
[White "Lederman, Leon"]
[Black "Staechelin, Ruedi"]
[Result "0-1"]
[Board "3"]
[WhiteElo "2276"]
[WhiteTitle "IM"]
[WhiteCountry "ISR"]
[WhiteFideId "2800403"]
[WhiteEloChange "-15"]
[BlackElo "2092"]
[BlackCountry "SUI"]
[BlackFideId "1304070"]
[BlackEloChange "15"]

1. e4 {[%clk 1:30:58]} e5 {[%clk 1:30:37]} 2. Nf3 {[%clk 1:31:23]} Nc6 {[%clk
1:30:58]} 3. Bb5 {[%clk 1:31:49]} a6 {[%clk 1:31:22]} 4. Ba4 {[%clk 1:32:17]} d6
{[%clk 1:31:20]} 5. O-O {[%clk 1:31:35]} Bd7 {[%clk 1:31:00]} 6. c3 {[%clk
1:31:49]} Be7 {[%clk 1:29:23]} 7. d4 {[%clk 1:31:54]} Nf6 {[%clk 1:22:03]} 8.
Nbd2 {[%clk 1:30:39]} O-O {[%clk 1:19:54]} 9. Re1 {[%clk 1:29:23]} b5 {[%clk
1:17:47]} 10. Bc2 {[%clk 1:26:42]} h6 {[%clk 1:16:06]} 11. h3 {[%clk 1:25:14]}
Nh7 {[%clk 1:14:53]} 12. d5 {[%clk 1:21:57]} Na7 {[%clk 1:03:34]} 13. Nf1 {[%clk
1:17:41]} Ng5 {[%clk 1:02:00]} 14. N3h2 {[%clk 1:07:10]} Nc8 {[%clk 0:56:47]} 15.
a4 {[%clk 1:00:26]} Nb6 {[%clk 0:56:04]} 16. a5 {[%clk 1:00:36]} Nc8 {[%clk
0:56:21]} 17. Ne3 {[%clk 0:55:39]} Nh7 {[%clk 0:48:31]} 18. Nhf1 {[%clk 0:46:00]}
Bg5 {[%clk 0:47:33]} 19. Kh2 {[%clk 0:46:03]} Ne7 {[%clk 0:45:06]} 20. Qf3 {[%clk
0:42:12]} Qc8 {[%clk 0:42:55]} 21. Nf5 {[%clk 0:39:54]} Nxf5 {[%clk 0:42:27]} 22.
exf5 {[%clk 0:40:20]} Bxc1 {[%clk 0:41:45]} 23. Raxc1 {[%clk 0:40:37]} Qd8 {[%clk
0:38:14]} 24. Ne3 {[%clk 0:37:32]} Qg5 {[%clk 0:34:44]} 25. g3 {[%clk 0:27:27]}
Nf6 {[%clk 0:29:38]} 26. Kg1 {[%clk 0:18:57]} Rfe8 {[%clk 0:28:47]} 27. h4 {[%clk
0:18:21]} Qh5 {[%clk 0:29:10]} 28. Qh1 {[%clk 0:18:44]} g5 {[%clk 0:26:32]} 29.
Bd1 {[%clk 0:13:51]} g4 {[%clk 0:26:35]} 30. f3 {[%clk 0:14:19]} Bxf5 {[%clk
0:25:41]} 31. fxg4 {[%clk 0:14:45]} Bxg4 {[%clk 0:25:08]} 32. Nxg4 {[%clk
0:15:06]} Nxg4 {[%clk 0:25:02]} 33. Qf3 {[%clk 0:11:51]} f5 {[%clk 0:25:21]} 34.
Rf1 {[%clk 0:11:50]} Rf8 {[%clk 0:25:24]} 35. c4 {[%clk 0:12:10]} Qe8 {[%clk
0:17:16]} 36. c5 {[%clk 0:09:34]} Rc8 {[%clk 0:15:31]} 37. b4 {[%clk 0:08:46]}
Kg7 {[%clk 0:12:59]} 38. Qc3 {[%clk 0:04:39]} Rd8 {[%clk 0:10:14]} 39. cxd6
{[%clk 0:02:01]} cxd6 {[%clk 0:10:37]} 40. Qc7+ {[%clk 0:32:25]} Rf7 {[%clk
0:39:11]} 41. Qc3 {[%clk 0:31:58]} Qe7 {[%clk 0:34:16]} 42. Be2 {[%clk 0:27:13]}
Qa7+ {[%clk 0:33:06]} 43. Kh1 {[%clk 0:27:26]} Nf2+ {[%clk 0:31:17]} 44. Kg2
{[%clk 0:26:18]} Ne4 {[%clk 0:30:48]} 45. Qd3 {[%clk 0:26:37]} Kh8 {[%clk
0:26:12]} 46. Bg4 {[%clk 0:14:12]} Rg8 {[%clk 0:23:42]} 47. Rc8 {[%clk 0:11:37]}
Rxc8 {[%clk 0:21:22]} 48. Bxf5 {[%clk 0:09:41]} Rxf5 {[%clk 0:17:02]} 49. Rxf5
{[%clk 0:09:25]} Qd4 {[%clk 0:17:08]} 50. Qe2 {[%clk 0:05:11]} Qd2 {[%clk
0:17:19]} 0-1

[Event "65+ World Senior Team Championship"]
[Site "chess24.com"]
[Date "2017.04.25"]
[Round "2"]
[White "Illi, Hans-Joerg"]
[Black "Malisov, Boris"]
[Result "0-1"]
[Board "4"]
[WhiteElo "2059"]
[WhiteCountry "SUI"]
[WhiteFideId "1300431"]
[WhiteEloChange "-4"]
[BlackElo "2283"]
[BlackCountry "ISR"]
[BlackFideId "2802503"]
[BlackEloChange "4"]

1. d4 {[%clk 1:30:52]} c5 {[%clk 1:29:24]} 2. e3 {[%clk 1:29:57]} Nf6 {[%clk
1:29:41]} 3. Nf3 {[%clk 1:29:53]} g6 {[%clk 1:30:03]} 4. Be2 {[%clk 1:25:11]} Bg7
{[%clk 1:30:19]} 5. c3 {[%clk 1:25:22]} O-O {[%clk 1:29:29]} 6. O-O {[%clk
1:25:41]} b6 {[%clk 1:29:25]} 7. Nbd2 {[%clk 1:24:44]} Bb7 {[%clk 1:29:34]} 8. b3
{[%clk 1:24:23]} Nc6 {[%clk 1:25:54]} 9. Bb2 {[%clk 1:23:02]} Rc8 {[%clk
1:24:02]} 10. dxc5 {[%clk 1:08:56]} bxc5 {[%clk 1:24:28]} 11. c4 {[%clk 1:08:41]}
d6 {[%clk 1:23:55]} 12. Qc2 {[%clk 1:05:52]} Qb6 {[%clk 1:17:42]} 13. Ne4 {[%clk
0:54:42]} Nxe4 {[%clk 1:16:29]} 14. Bxg7 {[%clk 0:51:45]} Kxg7 {[%clk 1:16:35]}
15. Qxe4 {[%clk 0:51:47]} Nd4 {[%clk 1:16:28]} 16. Qd3 {[%clk 0:50:09]} Nxe2+
{[%clk 1:16:26]} 17. Qxe2 {[%clk 0:50:23]} Qc6 {[%clk 1:16:00]} 18. Rfd1 {[%clk
0:47:23]} f5 {[%clk 1:14:51]} 19. Ne1 {[%clk 0:47:20]} Rf6 {[%clk 1:14:52]} 20.
f4 {[%clk 0:43:15]} Re6 {[%clk 1:02:08]} 21. Nf3 {[%clk 0:40:00]} h6 {[%clk
1:02:09]} 22. Kf2 {[%clk 0:32:47]} Rf8 {[%clk 0:54:21]} 23. Rg1 {[%clk 0:29:06]}
Kf7 {[%clk 0:46:23]} 24. Rad1 {[%clk 0:23:30]} Ke8 {[%clk 0:46:12]} 25. h4 {[%clk
0:22:50]} a5 {[%clk 0:43:23]} 26. a3 {[%clk 0:20:16]} Qb6 {[%clk 0:39:45]} 27.
Rb1 {[%clk 0:18:18]} Be4 {[%clk 0:38:33]} 28. Rb2 {[%clk 0:18:03]} Kd7 {[%clk
0:33:28]} 29. Qd2 {[%clk 0:17:21]} Rb8 {[%clk 0:32:13]} 30. Qc3 {[%clk 0:17:04]}
Rf6 {[%clk 0:31:41]} 31. Nd2 {[%clk 0:16:01]} Ba8 {[%clk 0:31:58]} 32. Nf3 {[%clk
0:15:20]} Ke8 {[%clk 0:31:33]} 33. Rh1 {[%clk 0:14:14]} Kf7 {[%clk 0:26:01]} 34.
Rhb1 {[%clk 0:13:59]} Be4 {[%clk 0:25:44]} 35. Rg1 {[%clk 0:13:56]} Kg8 {[%clk
0:18:59]} 36. Nd2 {[%clk 0:12:48]} Ba8 {[%clk 0:18:03]} 37. Rgb1 {[%clk 0:11:27]}
Qc6 {[%clk 0:15:50]} 38. Nf3 {[%clk 0:09:21]} Qc7 {[%clk 0:15:23]} 39. b4 {[%clk
0:08:51]} Be4 {[%clk 0:15:26]} 40. Rc1 {[%clk 0:37:53]} axb4 {[%clk 0:45:00]} 41.
axb4 {[%clk 0:37:50]} Qb7 {[%clk 0:44:15]} 42. b5 {[%clk 0:36:47]} Ra8 {[%clk
0:43:48]} 43. Rb3 {[%clk 0:32:09]} Rff8 {[%clk 0:43:03]} 44. Ra1 {[%clk 0:31:20]}
Rxa1 {[%clk 0:43:03]} 45. Qxa1 {[%clk 0:31:20]} Ra8 {[%clk 0:38:57]} 46. Ra3
{[%clk 0:25:54]} Rxa3 {[%clk 0:38:35]} 47. Qxa3 {[%clk 0:26:21]} Kf7 {[%clk
0:38:49]} 48. Qa1 {[%clk 0:25:54]} Qa8 {[%clk 0:34:48]} 49. Qb2 {[%clk 0:25:39]}
Ke6 {[%clk 0:28:44]} 50. Qg7 {[%clk 0:25:03]} Kd7 {[%clk 0:28:29]} 51. Qxg6
{[%clk 0:24:08]} Qa2+ {[%clk 0:27:39]} 52. Kg3 {[%clk 0:24:03]} Qxc4 {[%clk
0:27:33]} 53. Qxh6 {[%clk 0:23:06]} Bxf3 {[%clk 0:22:47]} 54. Kxf3 {[%clk
0:21:00]} Qxb5 {[%clk 0:21:29]} 55. Qg5 {[%clk 0:17:54]} c4 {[%clk 0:21:14]} 56.
e4 {[%clk 0:09:56]} c3 {[%clk 0:20:01]} 57. exf5 {[%clk 0:10:17]} c2 {[%clk
0:19:20]} 58. f6 {[%clk 0:10:41]} Qxg5 {[%clk 0:19:03]} 0-1

[Event "65+ World Senior Team Championship"]
[Site "chess24.com"]
[Date "2017.04.25"]
[Round "2"]
[White "Watzka, Horst"]
[Black "Renman, Nils-Gustaf"]
[Result "1/2-1/2"]
[Board "1"]
[WhiteElo "2165"]
[WhiteTitle "FM"]
[WhiteCountry "AUT"]
[WhiteFideId "1600311"]
[WhiteEloChange "5"]
[BlackElo "2361"]
[BlackTitle "IM"]
[BlackCountry "SWE"]
[BlackFideId "1700367"]
[BlackEloChange "-5"]

1. e4 {[%clk 1:30:47]} e6 {[%clk 1:30:50]} 2. d4 {[%clk 1:31:03]} d5 {[%clk
1:31:13]} 3. Nd2 {[%clk 1:29:36]} Nf6 {[%clk 1:31:29]} 4. e5 {[%clk 1:25:31]}
Nfd7 {[%clk 1:30:41]} 5. Bd3 {[%clk 1:25:00]} c5 {[%clk 1:30:59]} 6. c3 {[%clk
1:25:23]} Nc6 {[%clk 1:31:09]} 7. Ndf3 {[%clk 1:24:45]} f6 {[%clk 1:27:59]} 8.
exf6 {[%clk 1:24:20]} Qxf6 {[%clk 1:28:19]} 9. Ne2 {[%clk 1:22:30]} cxd4 {[%clk
1:28:20]} 10. cxd4 {[%clk 1:22:18]} Bd6 {[%clk 1:28:41]} 11. O-O {[%clk 1:20:05]}
O-O {[%clk 1:28:57]} 12. Bg5 {[%clk 1:11:39]} Qf7 {[%clk 1:27:39]} 13. Bh4 {[%clk
1:11:48]} h6 {[%clk 1:24:38]} 14. Bg3 {[%clk 1:11:54]} e5 {[%clk 1:18:17]} 15.
dxe5 {[%clk 1:10:36]} Ndxe5 {[%clk 1:18:35]} 16. Nxe5 {[%clk 1:09:43]} Bxe5
{[%clk 1:14:50]} 17. Bxe5 {[%clk 1:03:35]} Nxe5 {[%clk 1:15:19]} 18. Nd4 {[%clk
1:03:29]} Bd7 {[%clk 1:04:52]} 19. Qd2 {[%clk 0:59:01]} Rad8 {[%clk 1:01:42]} 20.
Be2 {[%clk 0:53:20]} Qg6 {[%clk 0:54:14]} 21. Kh1 {[%clk 0:51:44]} Qb6 {[%clk
0:38:41]} 22. b3 {[%clk 0:47:06]} Bf5 {[%clk 0:30:17]} 23. Rad1 {[%clk 0:41:35]}
Kh8 {[%clk 0:16:32]} 24. f4 {[%clk 0:35:14]} Nc6 {[%clk 0:12:13]} 25. Bf3 {[%clk
0:34:35]} Nxd4 {[%clk 0:10:31]} 26. Qxd4 {[%clk 0:34:42]} Qxd4 {[%clk 0:10:38]}
27. Rxd4 {[%clk 0:35:03]} Be4 {[%clk 0:10:54]} 28. Bxe4 {[%clk 0:24:05]} 1/2-1/2

[Event "65+ World Senior Team Championship"]
[Site "chess24.com"]
[Date "2017.04.25"]
[Round "2"]
[White "Uddenfeldt, Dan"]
[Black "Nickl, Klaus"]
[Result "1-0"]
[Board "2"]
[WhiteElo "2359"]
[WhiteCountry "SWE"]
[WhiteFideId "1700243"]
[WhiteEloChange "3"]
[BlackElo "2045"]
[BlackCountry "AUT"]
[BlackFideId "1601024"]
[BlackEloChange "-3"]

1. d4 {[%clk 1:30:38]} Nf6 {[%clk 1:30:46]} 2. g3 {[%clk 1:30:05]} e6 {[%clk
1:29:41]} 3. Bg2 {[%clk 1:29:21]} d5 {[%clk 1:29:14]} 4. c4 {[%clk 1:27:05]} Bb4+
{[%clk 1:27:30]} 5. Nc3 {[%clk 1:22:29]} O-O {[%clk 1:27:26]} 6. Qb3 {[%clk
1:21:05]} Nc6 {[%clk 1:21:54]} 7. Nf3 {[%clk 1:20:35]} Bxc3+ {[%clk 1:17:11]} 8.
Qxc3 {[%clk 1:19:51]} Ne4 {[%clk 1:15:34]} 9. Qc2 {[%clk 1:19:21]} Ne7 {[%clk
1:02:25]} 10. O-O {[%clk 1:19:04]} c6 {[%clk 0:56:11]} 11. Rd1 {[%clk 1:10:02]}
Bd7 {[%clk 0:49:41]} 12. b3 {[%clk 1:04:22]} f6 {[%clk 0:48:44]} 13. Ne1 {[%clk
1:03:41]} f5 {[%clk 0:47:55]} 14. f3 {[%clk 0:55:04]} Nf6 {[%clk 0:48:02]} 15.
Nd3 {[%clk 0:54:54]} Ng6 {[%clk 0:46:44]} 16. Qc3 {[%clk 0:54:34]} b6 {[%clk
0:43:23]} 17. Ba3 {[%clk 0:52:33]} Rf7 {[%clk 0:42:11]} 18. Ne5 {[%clk 0:51:32]}
Nxe5 {[%clk 0:41:40]} 19. dxe5 {[%clk 0:51:56]} Ne8 {[%clk 0:41:49]} 20. e4
{[%clk 0:50:01]} fxe4 {[%clk 0:38:04]} 21. cxd5 {[%clk 0:49:29]} cxd5 {[%clk
0:35:27]} 22. fxe4 {[%clk 0:48:30]} Rc8 {[%clk 0:35:12]} 23. Qe3 {[%clk 0:46:54]}
d4 {[%clk 0:29:39]} 24. Rxd4 {[%clk 0:43:48]} Qc7 {[%clk 0:29:49]} 25. Rf1 {[%clk
0:43:00]} Bb5 {[%clk 0:27:19]} 26. Rxf7 {[%clk 0:42:23]} Qxf7 {[%clk 0:27:40]}
27. Rd2 {[%clk 0:42:22]} Qh5 {[%clk 0:24:54]} 28. Qf4 {[%clk 0:42:03]} h6 {[%clk
0:23:40]} 29. h4 {[%clk 0:36:17]} Nc7 {[%clk 0:20:57]} 30. Bh3 {[%clk 0:30:55]}
Qe8 {[%clk 0:20:07]} 31. Rf2 {[%clk 0:29:01]} Bd7 {[%clk 0:16:57]} 32. Qd2 {[%clk
0:28:28]} Kh7 {[%clk 0:12:01]} 33. Kh2 {[%clk 0:21:50]} Bc6 {[%clk 0:09:02]} 34.
Qf4 {[%clk 0:20:16]} Qg6 {[%clk 0:08:42]} 35. Bg2 {[%clk 0:17:51]} Nb5 {[%clk
0:08:57]} 36. Bb2 {[%clk 0:18:06]} Bd7 {[%clk 0:07:23]} 37. Rd2 {[%clk 0:17:54]}
Qe8 {[%clk 0:07:20]} 38. a4 {[%clk 0:17:17]} Nc7 {[%clk 0:07:48]} 39. Ba3 {[%clk
0:17:34]} Na6 {[%clk 0:08:11]} 40. Bd6 {[%clk 0:47:23]} Nc5 {[%clk 0:38:13]} 41.
Qe3 {[%clk 0:47:44]} a5 {[%clk 0:38:02]} 42. Rf2 {[%clk 0:48:09]} Qg6 {[%clk
0:37:21]} 43. Bf3 {[%clk 0:48:36]} h5 {[%clk 0:28:17]} 44. Rd2 {[%clk 0:48:00]}
Be8 {[%clk 0:27:57]} 45. Rc2 {[%clk 0:42:54]} Qh6 {[%clk 0:24:36]} 46. Qf4 {[%clk
0:41:47]} Qxf4 {[%clk 0:19:11]} 47. gxf4 {[%clk 0:42:14]} g6 {[%clk 0:19:29]} 48.
Rc4 {[%clk 0:38:21]} Bd7 {[%clk 0:19:26]} 49. Bd1 {[%clk 0:38:09]} Kg7 {[%clk
0:15:48]} 50. Bc2 {[%clk 0:34:43]} Kf7 {[%clk 0:14:16]} 51. Kg3 {[%clk 0:34:58]}
Rc6 {[%clk 0:13:20]} 52. Kf3 {[%clk 0:35:12]} Ke8 {[%clk 0:13:25]} 53. Ke3 {[%clk
0:35:02]} Bc8 {[%clk 0:13:12]} 54. Kd4 {[%clk 0:34:46]} Ba6 {[%clk 0:10:05]} 55.
Rc3 {[%clk 0:35:07]} Kd7 {[%clk 0:10:16]} 56. f5 {[%clk 0:34:49]} gxf5 {[%clk
0:09:28]} 57. exf5 {[%clk 0:35:10]} Rxd6+ {[%clk 0:09:45]} 58. exd6 {[%clk
0:35:24]} Kxd6 {[%clk 0:10:11]} 59. Rg3 {[%clk 0:35:17]} Be2 {[%clk 0:09:40]} 60.
Rg6 {[%clk 0:33:03]} Bg4 {[%clk 0:09:48]} 61. Ke3 {[%clk 0:32:17]} Ke5 {[%clk
0:09:30]} 62. f6 {[%clk 0:32:13]} Bf5 {[%clk 0:08:42]} 63. Bxf5 {[%clk 0:32:11]}
exf5 {[%clk 0:07:21]} 64. f7 {[%clk 0:32:26]} f4+ {[%clk 0:07:16]} 65. Kf3 {[%clk
0:32:32]} Nd7 {[%clk 0:07:22]} 66. Rxb6 {[%clk 0:32:49]} Kf5 {[%clk 0:07:35]} 67.
Rb5+ {[%clk 0:32:49]} Kf6 {[%clk 0:07:53]} 68. Rxa5 {[%clk 0:32:56]} Kxf7 {[%clk
0:08:18]} 69. Ra7 {[%clk 0:33:22]} 1-0

[Event "65+ World Senior Team Championship"]
[Site "chess24.com"]
[Date "2017.04.25"]
[Round "2"]
[White "Kratschmer, Heinz"]
[Black "Malmdin, Nils-Ake"]
[Result "1/2-1/2"]
[Board "3"]
[WhiteElo "2003"]
[WhiteCountry "AUT"]
[WhiteFideId "1606670"]
[WhiteEloChange "5"]
[BlackElo "2197"]
[BlackTitle "FM"]
[BlackCountry "SWE"]
[BlackFideId "1701584"]
[BlackEloChange "-5"]

1. d4 {[%clk 1:30:56]} g6 {[%clk 1:30:04]} 2. e4 {[%clk 1:31:07]} Bg7 {[%clk
1:30:20]} 3. Nf3 {[%clk 1:31:04]} d6 {[%clk 1:29:45]} 4. Nc3 {[%clk 1:31:19]} c6
{[%clk 1:26:20]} 5. Be2 {[%clk 1:31:25]} b5 {[%clk 1:25:10]} 6. O-O {[%clk
1:30:44]} Nd7 {[%clk 1:24:31]} 7. Re1 {[%clk 1:30:44]} b4 {[%clk 1:05:06]} 8. Na4
{[%clk 1:20:06]} Qa5 {[%clk 0:59:17]} 9. c3 {[%clk 1:20:10]} bxc3 {[%clk
0:57:08]} 10. Nxc3 {[%clk 1:12:32]} Rb8 {[%clk 0:54:44]} 11. Qc2 {[%clk 1:06:04]}
Ngf6 {[%clk 0:42:01]} 12. Bd2 {[%clk 1:06:04]} Qb6 {[%clk 0:41:39]} 13. Na4
{[%clk 0:59:12]} Qc7 {[%clk 0:41:59]} 14. Rac1 {[%clk 0:59:12]} Bb7 {[%clk
0:41:59]} 15. e5 {[%clk 0:40:27]} dxe5 {[%clk 0:28:30]} 16. dxe5 {[%clk 0:40:37]}
Nd5 {[%clk 0:26:05]} 17. e6 {[%clk 0:37:06]} Ne5 {[%clk 0:22:04]} 18. Nc5 {[%clk
0:30:24]} Bc8 {[%clk 0:18:34]} 19. Nxe5 {[%clk 0:26:10]} Bxe5 {[%clk 0:18:36]}
20. exf7+ {[%clk 0:25:50]} Kxf7 {[%clk 0:18:44]} 21. f4 {[%clk 0:16:44]} Bd4+
{[%clk 0:18:30]} 22. Kh1 {[%clk 0:16:50]} Rxb2 {[%clk 0:17:22]} 23. Qd3 {[%clk
0:16:32]} Rxd2 {[%clk 0:17:41]} 24. Qxd2 {[%clk 0:15:47]} Be3 {[%clk 0:18:02]}
25. Qb2 {[%clk 0:15:56]} Rf8 {[%clk 0:16:50]} 26. Rc4 {[%clk 0:14:46]} Kg8 {[%clk
0:16:41]} 27. g3 {[%clk 0:11:57]} 1/2-1/2

[Event "65+ World Senior Team Championship"]
[Site "chess24.com"]
[Date "2017.04.25"]
[Round "2"]
[White "Hammar, Bengt"]
[Black "Pitzl, Konstantinos"]
[Result "1/2-1/2"]
[Board "4"]
[WhiteElo "2165"]
[WhiteTitle "FM"]
[WhiteCountry "SWE"]
[WhiteFideId "1700391"]
[WhiteEloChange "-4"]
[BlackElo "2001"]
[BlackCountry "AUT"]
[BlackFideId "1627112"]
[BlackEloChange "4"]

1. e4 {[%clk 1:30:30]} d6 {[%clk 1:30:30]} 2. d4 {[%clk 1:30:30]} Nf6 {[%clk
1:30:30]} 3. Nc3 {[%clk 1:30:30]} g6 {[%clk 1:30:30]} 4. f4 {[%clk 1:30:30]} Bg7
{[%clk 1:30:30]} 5. Nf3 {[%clk 1:30:30]} O-O {[%clk 1:30:30]} 6. Bd3 {[%clk
1:30:30]} c5 {[%clk 1:30:30]} 7. dxc5 {[%clk 1:30:30]} dxc5 {[%clk 1:30:30]} 8.
e5 {[%clk 1:30:30]} Nd5 {[%clk 1:30:30]} 9. O-O {[%clk 1:30:30]} Nc6 {[%clk
1:30:30]} 10. Nxd5 {[%clk 1:30:30]} Qxd5 {[%clk 1:30:30]} 11. Qe1 {[%clk
1:30:30]} Nd4 {[%clk 1:30:30]} 12. Be4 {[%clk 1:30:30]} Qc4 {[%clk 1:30:30]} 13.
Nxd4 {[%clk 1:30:30]} Qxd4+ {[%clk 1:30:30]} 14. Kh1 {[%clk 1:30:30]} Rb8 {[%clk
1:30:30]} 15. c3 {[%clk 1:30:30]} Qd8 {[%clk 1:30:30]} 16. Be3 {[%clk 1:30:30]}
Qc7 {[%clk 1:30:30]} 17. Qh4 {[%clk 1:30:30]} b6 {[%clk 1:30:30]} 18. Rad1 {[%clk
1:30:30]} Bb7 {[%clk 1:30:30]} 19. Bxb7 {[%clk 1:30:30]} 1/2-1/2

[Event "65+ World Senior Team Championship"]
[Site "chess24.com"]
[Date "2017.04.25"]
[Round "2"]
[White "Werner, Clemens"]
[Black "Nordstrom, Felix"]
[Result "1/2-1/2"]
[Board "1"]
[WhiteElo "2346"]
[WhiteTitle "FM"]
[WhiteCountry "GER"]
[WhiteFideId "4604636"]
[WhiteEloChange "-5"]
[BlackElo "2139"]
[BlackTitle "FM"]
[BlackCountry "SWE"]
[BlackFideId "1701509"]
[BlackEloChange "5"]

1. d4 {[%clk 1:30:51]} d5 {[%clk 1:30:10]} 2. Nf3 {[%clk 1:31:08]} Nf6 {[%clk
1:30:22]} 3. Bf4 {[%clk 1:31:10]} c5 {[%clk 1:30:14]} 4. e3 {[%clk 1:31:24]} Qb6
{[%clk 1:28:29]} 5. Nc3 {[%clk 1:29:03]} a6 {[%clk 1:27:12]} 6. Na4 {[%clk
1:09:54]} Qa5+ {[%clk 1:26:18]} 7. c3 {[%clk 1:10:11]} cxd4 {[%clk 1:17:27]} 8.
exd4 {[%clk 1:00:30]} e6 {[%clk 1:08:45]} 9. b4 {[%clk 0:58:58]} Qd8 {[%clk
1:08:27]} 10. Ne5 {[%clk 0:50:34]} Be7 {[%clk 1:03:55]} 11. Bd3 {[%clk 0:49:39]}
O-O {[%clk 0:59:16]} 12. O-O {[%clk 0:47:37]} Bd7 {[%clk 0:55:47]} 13. Nc5 {[%clk
0:46:54]} b6 {[%clk 0:52:54]} 14. Ncxd7 {[%clk 0:44:54]} Nfxd7 {[%clk 0:52:15]}
15. Qh5 {[%clk 0:41:49]} g6 {[%clk 0:46:55]} 16. Qe2 {[%clk 0:37:44]} Nxe5 {[%clk
0:45:18]} 17. Bxe5 {[%clk 0:36:07]} a5 {[%clk 0:44:39]} 18. b5 {[%clk 0:33:01]}
Nd7 {[%clk 0:40:59]} 19. Bg3 {[%clk 0:33:13]} Rc8 {[%clk 0:40:45]} 20. Rac1
{[%clk 0:33:24]} Nf6 {[%clk 0:39:56]} 21. Be5 {[%clk 0:26:41]} Bd6 {[%clk
0:35:56]} 22. c4 {[%clk 0:24:28]} dxc4 {[%clk 0:34:03]} 23. Bxc4 {[%clk 0:24:19]}
Be7 {[%clk 0:33:32]} 24. Qf3 {[%clk 0:21:16]} Nd7 {[%clk 0:24:02]} 25. Bf4 {[%clk
0:16:59]} Bg5 {[%clk 0:22:15]} 26. Qe3 {[%clk 0:15:13]} Bxf4 {[%clk 0:22:13]} 27.
Qxf4 {[%clk 0:15:43]} Nf6 {[%clk 0:20:28]} 28. Bb3 {[%clk 0:14:40]} Nd5 {[%clk
0:15:27]} 29. Qd2 {[%clk 0:13:06]} Qd7 {[%clk 0:15:04]} 30. a4 {[%clk 0:12:57]}
Nb4 {[%clk 0:14:14]} 31. g3 {[%clk 0:12:39]} Rfd8 {[%clk 0:12:51]} 32. Rxc8
{[%clk 0:12:06]} Rxc8 {[%clk 0:11:31]} 33. Rd1 {[%clk 0:11:57]} Rd8 {[%clk
0:11:31]} 34. Qe3 {[%clk 0:09:53]} 1/2-1/2

[Event "65+ World Senior Team Championship"]
[Site "chess24.com"]
[Date "2017.04.25"]
[Round "2"]
[White "Carlsson, Ingvar"]
[Black "Salov, Sergej"]
[Result "1/2-1/2"]
[Board "2"]
[WhiteElo "2130"]
[WhiteCountry "SWE"]
[WhiteFideId "1702670"]
[WhiteEloChange "2"]
[BlackElo "2190"]
[BlackTitle "IM"]
[BlackCountry "GER"]
[BlackFideId "4107926"]
[BlackEloChange "-2"]

1. e4 {[%clk 1:30:56]} c5 {[%clk 1:30:42]} 2. Nc3 {[%clk 1:31:19]} e6 {[%clk
1:30:54]} 3. g3 {[%clk 1:30:20]} d5 {[%clk 1:31:04]} 4. Bg2 {[%clk 1:22:56]} d4
{[%clk 1:27:27]} 5. Nce2 {[%clk 1:21:31]} Nc6 {[%clk 1:27:34]} 6. d3 {[%clk
1:21:10]} e5 {[%clk 1:27:07]} 7. f4 {[%clk 1:20:19]} exf4 {[%clk 1:23:41]} 8.
Bxf4 {[%clk 1:18:33]} Nge7 {[%clk 1:22:28]} 9. Nf3 {[%clk 1:16:19]} Ng6 {[%clk
1:19:49]} 10. O-O {[%clk 1:13:56]} Be7 {[%clk 1:07:33]} 11. Qd2 {[%clk 0:41:37]}
Bg4 {[%clk 0:56:14]} 12. h3 {[%clk 0:39:44]} Bxf3 {[%clk 0:55:26]} 13. Bxf3
{[%clk 0:33:59]} O-O {[%clk 0:55:14]} 14. Bh5 {[%clk 0:31:00]} b5 {[%clk
0:44:52]} 15. Bxg6 {[%clk 0:26:21]} hxg6 {[%clk 0:44:48]} 16. g4 {[%clk 0:25:36]}
c4 {[%clk 0:42:38]} 17. Bh2 {[%clk 0:24:19]} Bc5 {[%clk 0:29:40]} 18. Kh1 {[%clk
0:22:47]} Qd7 {[%clk 0:23:57]} 19. Qg5 {[%clk 0:17:55]} Qe7 {[%clk 0:18:43]} 20.
Qxe7 {[%clk 0:11:57]} Nxe7 {[%clk 0:18:08]} 21. Bg1 {[%clk 0:09:54]} Nc6 {[%clk
0:14:36]} 22. a3 {[%clk 0:09:48]} Rad8 {[%clk 0:12:31]} 23. Rad1 {[%clk 0:08:59]}
Bb6 {[%clk 0:10:55]} 24. Nf4 {[%clk 0:07:47]} Ne7 {[%clk 0:10:31]} 25. Ne2 {[%clk
0:07:40]} Nc6 {[%clk 0:09:18]} 26. Nf4 {[%clk 0:08:06]} Ne7 {[%clk 0:07:31]} 27.
Ne2 {[%clk 0:08:34]} Nc6 {[%clk 0:07:31]} 1/2-1/2

[Event "65+ World Senior Team Championship"]
[Site "chess24.com"]
[Date "2017.04.25"]
[Round "2"]
[White "Baum, Bernd, Dr."]
[Black "Wademark, Helge"]
[Result "1-0"]
[Board "3"]
[WhiteElo "2226"]
[WhiteTitle "FM"]
[WhiteCountry "GER"]
[WhiteFideId "4611853"]
[WhiteEloChange "5"]
[BlackElo "2037"]
[BlackCountry "SWE"]
[BlackFideId "1701606"]
[BlackEloChange "-5"]

1. Nf3 {[%clk 1:30:59]} d5 {[%clk 1:30:34]} 2. g3 {[%clk 1:31:13]} Nf6 {[%clk
1:29:28]} 3. Bg2 {[%clk 1:31:32]} c5 {[%clk 1:29:50]} 4. O-O {[%clk 1:31:38]} Nc6
{[%clk 1:30:17]} 5. d4 {[%clk 1:31:57]} e6 {[%clk 1:29:09]} 6. c4 {[%clk
1:32:10]} dxc4 {[%clk 1:26:44]} 7. Qa4 {[%clk 1:30:57]} Qb6 {[%clk 1:19:54]} 8.
dxc5 {[%clk 1:26:11]} Bxc5 {[%clk 1:17:54]} 9. Qxc4 {[%clk 1:23:10]} Bd7 {[%clk
1:14:12]} 10. Nc3 {[%clk 1:21:52]} Nb4 {[%clk 1:08:37]} 11. Ne5 {[%clk 1:10:15]}
Rc8 {[%clk 0:59:14]} 12. Nxd7 {[%clk 1:03:26]} Nxd7 {[%clk 0:53:52]} 13. Qe4
{[%clk 0:59:31]} Nc6 {[%clk 0:50:52]} 14. Na4 {[%clk 0:53:38]} Qb5 {[%clk
0:46:07]} 15. Nxc5 {[%clk 0:51:32]} Nxc5 {[%clk 0:45:51]} 16. Qg4 {[%clk
0:50:40]} O-O {[%clk 0:43:35]} 17. Be3 {[%clk 0:38:36]} Ne5 {[%clk 0:34:07]} 18.
Qd4 {[%clk 0:23:57]} Nc4 {[%clk 0:28:48]} 19. Rac1 {[%clk 0:22:08]} Nxe3 {[%clk
0:28:20]} 20. Qxe3 {[%clk 0:22:30]} b6 {[%clk 0:28:26]} 21. b3 {[%clk 0:21:40]}
Rfd8 {[%clk 0:26:12]} 22. Qc3 {[%clk 0:16:03]} Qd7 {[%clk 0:22:30]} 23. Qb2
{[%clk 0:15:01]} Rc7 {[%clk 0:15:56]} 24. Rc2 {[%clk 0:15:03]} Qd6 {[%clk
0:15:02]} 25. Bf3 {[%clk 0:13:45]} e5 {[%clk 0:11:15]} 26. Rfc1 {[%clk 0:13:03]}
g6 {[%clk 0:08:49]} 27. h4 {[%clk 0:12:18]} Rcd7 {[%clk 0:08:28]} 28. Rc4 {[%clk
0:11:11]} f5 {[%clk 0:07:07]} 29. b4 {[%clk 0:09:14]} Na6 {[%clk 0:03:03]} 30. e3
{[%clk 0:06:42]} Rc7 {[%clk 0:01:12]} 31. Rxc7 {[%clk 0:05:23]} Nxc7 {[%clk
0:01:40]} 32. Rd1 {[%clk 0:05:47]} Qe7 {[%clk 0:01:51]} 33. Rxd8+ {[%clk
0:06:10]} Qxd8 {[%clk 0:02:15]} 34. Qxe5 {[%clk 0:06:32]} Qd7 {[%clk 0:01:56]}
35. h5 {[%clk 0:06:34]} Kf7 {[%clk 0:01:54]} 36. h6 {[%clk 0:06:21]} Qe7 {[%clk
0:01:18]} 37. Qg7+ {[%clk 0:05:12]} Ke6 {[%clk 0:01:44]} 38. Qd4 {[%clk 0:05:16]}
Qf6 {[%clk 0:01:14]} 39. Qc4+ {[%clk 0:04:18]} Kd7 {[%clk 0:01:37]} 40. Kg2
{[%clk 0:34:22]} Qe6 {[%clk 0:30:44]} 41. Qd4+ {[%clk 0:29:46]} Ke7 {[%clk
0:30:29]} 42. Qh8 {[%clk 0:24:47]} Qf7 {[%clk 0:30:36]} 43. Qb8 {[%clk 0:22:40]}
Qc4 {[%clk 0:26:53]} 44. Qxa7 {[%clk 0:22:13]} b5 {[%clk 0:27:20]} 45. a3 {[%clk
0:19:37]} Kf6 {[%clk 0:27:33]} 46. Qb8 {[%clk 0:17:55]} Kg5 {[%clk 0:25:10]} 47.
Qb7 {[%clk 0:14:56]} Kxh6 {[%clk 0:23:02]} 48. Bc6 {[%clk 0:14:50]} Ne6 {[%clk
0:23:11]} 49. Bd5 {[%clk 0:14:50]} 1-0